LEADER 01024nam a2200253 i 4500 001 000000203111 003 CaOOAMICUS 005 20151117000000.0 008 151117s1974 it u000 u ita u 013 $a181823 040 $aSeMil$bita 100 1 $aBarber, Noel.$0(OLS)http://semarc/name/73370 245 12$aI signori del Corno d'Oro /$cNoel Barber ; traduzione di Giuseppe Castoldi. 260 $aMilano :$bMondadori,$c1974. 300 $a430 p. :$bill. ;$c22 cm. 490 0 $aLe scie 650 4$aImpero ottomano <1299-1922> - Storia - Sec. 16.-20.$0(OLS)http://semarc/subject/38228 700 1 $aCastoldi, Giuseppe.$0(OLS)http://semarc/name/19175 830 3$aLe scie.$0(OLS)http://semarc/title/6825 850 $aSeMil 852 $aSeMil$W1$xVenegono$y1$m3V I 30$j153607$B153607$CSeMilBibl$Z2$F208418 $81 961 $aOmaggio: Istituto San Vincenzo 996 $6245$aI signori del Corno d'Oro$9(OLS)http://semarc/title/294037 996 $6260$aMilano :$bMondadori$9(OLS)http://semarc/publisher/30335 LEADER 00882nam a2200241 i 4500 001 000000110987 003 CaOOAMICUS 005 20260320122400.0 008 170517s2002 it u000 u ita u 013 $a83668 020 $a88-308-0739-7 040 $aSeMil$bita 245 10$aCapp. 6,7-10,31. 260 $aAssisi :$bCittadella,$c2002. 300 $a478 p. 773 0 $aMateos, Juan $tVangelo di Marco.$dAssisi : Cittadella, 1997-2010.$kLettura del Nuovo Testamento$g2$w()8236 850 $aSeMil 852 $aSeMil$W1$xVenegono$y1$m2V VI 131$j66831$B66831$CSeMilBibl$Z2$F73584 $81 961 $aRecupero: Seminario di Seveso 996 $6020$a88-308-0739-7$9(OLS)http://semarc/number/92983 996 $6245$aCapp. 6,7-10,31$9(OLS)http://semarc/title/407519 996 $6260$aAssisi :$bCittadella$9(OLS)http://semarc/publisher/29661